000 01460nem0a2200337 4500
001 RU\NLR\BIBL_A\012727651
005 20260409065130.0
021 _aRUК 4-Зап 3/7
035 _a(NLR Aleph) 012727651
090 _a12961871
_c12961871
100 _a20220314d1928 |||y0rusy50 ca
101 0 _arus
102 _aRU
120 _aaay xx||
123 1 _aa
_b1000000
135 _acrcn 024anaba
200 1 _aСхематическая карта района Западной области
_bКарты
_eАдм. деление на 1 июля 1928 г.
206 _a1:1 000 000, 10 км в 1 см
210 _a[Смоленск]
_cОблплан Зап. обл.
_d1928
215 _a1 к
_c1 цв., указ.
_d90х70 см
325 _aКопия доступна в Электрон. б-ке РНБ
509 0 1 _7ca
_aЗападная область
_92635244
_3RU\NLR\auth_crt\552076
607 _aЗападная область
_jКарты
_91018447
_3RU\NLR\AUTH\6671103
608 _aАдминистративные карты
_3RU\NLR\AUTH\667834
_9901648
852 _aNLR
_bК
_j4-Зап 3/7
_m778
901 _eКартографические материалы
942 _cMAP
980 _aNB
981 1 9 _a(19) Картографические материалы